000 00463nam a2200181Ia 4500
001 23876
005 20260414151006.0
008 260414t2009||||xx |||||||||||||| ||spa||
041 _aESP
082 _a720.284
_bS16
100 _aSainz, Jorge
_eAUT
245 0 _aEl dibujo de arquitectura :
_bteoría e historia de un lenguaje gráfico
260 _c2009
300 _a253 páginas :
_c24 cm.
650 _aABD
654 _aCAU
942 _cLIB
_dJUS
_fJUS
_2ddc
_n
999 _c23876
_d23876